000 00304nam a2200133Ia 4500
008 191201s2004 xx 000 0 und d
100 _aLICKER, Mark D
245 0 _aDictionary of Physics
250 _a3rd
260 _aN.Delhi
_bTMH
_c2004
300 _a483
650 _aGeneral Books
942 _2ddc
_cBK
999 _c1581
_d1581